000 01225nam a22002417a 4500
005 20100809145737.0
010 _aHIN-90233
020 _c495.00
_a8181820452
035 _aHN-62579
037 _bDBAD / PUB
082 _a483.02
100 _aमिश्र, रतनलाल
_99458
245 _aशब्दकोश:
_bरतनलाल मिश्र
_cकला, इतिहास, पुरातत्व कोश /
246 _aShabdakosh
_bby Ratanlal Mishra
260 _aजयपुर
_bलिट्रेरी सर्किल
_c2009
270 _aसी-12/13, प्रथम तल, खण्डेलवाल गर्ल्स कॉलेज के सामने, संसार चन्द्र रोड़
_bजयपुर
_e302001
_k4004330, मो.-9414054330
_mliterarycirclejpr@yahoo.com
300 _a197पृ
_c22सेमी (सजिल्द)
_bसचित्र
700 _97228
700 _97267
700 _97698
942 _adpl
_cHN
_k
_2ddc
_mमिश्रर
_h483.02
999 _c40390
_d40390